000 00582nam a2200217Ia 4500
005 20260320201612.0
008 008 262003s9999 xx 000 0 eng d
037 _aEBOOK
040 _aCRL
040 _beng
040 _cCRL
041 _2eng
041 _aeng
084 _qCRL
245 0 _aElectric and Hybrid Vehicles: A Solution to Green Transportation and Resilient Grid: Electrified Transportation
260 _bIEEE
856 _uhttps://ieeexplore.ieee.org/servlet/opac?bknumber=11333967
942 _cEBOOK
999 _c1722339
_d1722339